000 00763cam a2200277 4500500
005 20260329004518.0
041 _afre
042 _adc
100 1 0 _aSorente, Isabelle
_eauthor
245 0 0 _aOù commence le racisme ?
260 _c2020.
500 _a73
690 _aAppropriation culturelle
690 _acouleur
690 _aDiscrimination
690 _aGobineau
690 _aHumour
690 _aMarylin Maeso
690 _aNorman Ajari
690 _aPréjugé
690 _aRacisé
690 _aSexe
690 _aTocqueville
786 0 _nPhilosophie magazine | 138 | 4-5 | 2020-04-01 | p. 15-15 | 1951-1787
856 4 1 _uhttps://shs.cairn.info/magazine-philosophie-magazine-2020-4-5-page-15?lang=fr&redirect-ssocas=7080
999 _c1834637
_d1834637